Kalamul Imam, Imamul kalam (Record no. 19870)

MARC details
000 -LEADER
fixed length control field 00311nam a22001457a 4500
082 ## - DEWEY DECIMAL CLASSIFICATION NUMBER
Classification number 297.82
100 ## - MAIN ENTRY--AUTHOR NAME
Author name Hussain, Syed Shaaiq
245 ## - TITLE STATEMENT
Title Kalamul Imam, Imamul kalam
250 ## - EDITION STATEMENT
Edition statement 2003
260 ## - PUBLICATION, DISTRIBUTION, ETC. (IMPRINT)
Place of publication Hyderabad
Name of publisher author
300 ## - PHYSICAL DESCRIPTION
Number of Pages 187
500 ## - GENERAL NOTE
General note urdu
650 ## - SUBJECT ADDED ENTRY--TOPICAL TERM
Topical Term shiah-imams-doctrines
942 ## - ADDED ENTRY ELEMENTS (KOHA)
Koha item type Books
Holdings
Home library Current library Shelving location Date acquired Full call number Accession Number Koha item type
Henry Martyn Institute Library Henry Martyn Institute Library General stacks 11/24/2015 297.82 HUS 11-2177 Books
                   Copyright © 2026 | Henry Martyn Institute | Hyderabad | TS-500052 | INDIA | Implemented by hmi.edu.in
Hit-Count:

Powered by Koha